| 000 | 01386nam0a2200337 4500 | ||
|---|---|---|---|
| 001 | RU\NLR\bibl\1527798 | ||
| 005 | 20250616032939.0 | ||
| 010 |
_a978-5-902079-97-2 _9500 |
||
| 021 |
_aRU _b2010-38970 _92608 |
||
| 035 | _a(NLR Aleph) 001519140 | ||
| 090 |
_a129223 _c129223 |
||
| 100 | _a20100625d2009 |||y0rusy50 ca | ||
| 101 | 0 | _arus | |
| 102 | _aRU | ||
| 105 | _aa ||||||||| | ||
| 200 | 1 |
_aРекреационный туризм и возможности его реализации в Ставропольском крае _eмонография _fХолковская И.М., Алексеева М.А., Гришин Д.В., Кольчугина Т.А. _gСев.-Кавказ. соц. ин-т |
|
| 210 |
_aСтаврополь _cНОУ ВПО СКСИ _d2009 |
||
| 215 |
_a127 с. _cил. _d21 |
||
| 320 | _aБиюлиогр.: с. 111 (20 назв.) | ||
| 606 | 1 |
_aРекреационный туризм _yСтавропольский край _92601255 _3RU\NLR\auth\661537813 |
|
| 686 | _aЧ518.113.9рекреационный4(2Р-4Ст) | ||
| 701 | 1 |
_aХолковская _bИ. М. _4070 |
|
| 701 | 1 |
_aАлексеева _bМ. А. _4070 |
|
| 701 | 1 |
_aГришин _bД. В. _4070 |
|
| 701 | 1 |
_aКольчугина _bТ. А. _4070 |
|
| 801 | 0 |
_aRU _bNLR _c20100625 _gRCR |
|
| 801 | 1 |
_aRU _bNLR _c20100625 |
|
| 942 | _cBOOK | ||
| 980 | _aNB | ||